| 000 | 00497nam a2200193Ia 4500 | ||
|---|---|---|---|
| 003 | GCL | ||
| 008 | 140319s9999 xx 000 0 eng d | ||
| 040 |
_aGCL / _cGCL |
||
| 082 | 0 | 4 |
_a005.3 _bB T |
| 100 | 1 | _aBENNER, STEVE | |
| 245 | 1 | 0 |
_aTRICKS OF ME DOOM PROGRAMMING GURUS / _cBENNER, STEVE |
| 700 | 1 | _aBRUNI, DAVID | |
| 260 |
_a[S.N] : _bSAMS PUBLISHING ، _c1995 |
||
| 300 | _a886 P | ||
| 650 | 0 | 4 | _aشعر الحرب |
| 650 | 0 | 4 | _aCOMPUTER GAMES |
| 650 | 0 | 4 | _aPROGRAMAS |
| 942 |
_2ddc _cBK |
||
| 999 |
_c11098 _d11098 |
||